000
00325 a2200157 4500
001
44736
020
_a
8530501209
040
_c
Anchieta - Aquarius
100
_a
Muniz, Flávia
240
1
0
_a
*Vira e mexe
_l
por
245
1
0
_a
*Vira e mexe
300
_a
31
362
0
_a
1997
650
4
_a
Literatura infantil
942
_c
BK
999
_c
44736
_d
44736